000 00810nam a2200217 i 4500
001 22609
003 ES-MaACL
005 20250721135027.0
007 t|
008 021203s1886 sp b |||| | spa d
100 1 _aAlvarez y Nuñez, José.
_921005
245 1 3 _aLa frontera hispano-francesa
_b: ensayo para su rectificación /
_cpor José Álvarez y Núñez.
260 _aMadrid :
_b[s.n.],
_c1886 (
_fTip. El Correo)
300 _a80 p. :
_b1 mapa pleg. ;
_c23 cm.
530 _aDisponible en formato digital.
651 7 _aEspaña-
_xFronteras-
_zFrancia
_2
_9165752
651 4 _aFrancia-
_xFronteras-
_zEspaña.
_9165753
852 _aES-MaACL
_jFol-Laf-204
856 _uhttps://bvpb.mcu.es/es/consulta/registro.do?id=577772
_zBiblioteca Virtual del Patrimonio Bibliográfico
999 _c22609
_d22609